Περιβαλλοντική διαχείριση μικρών λιμένων περίπτωση λιμένων Χίου : ; διπλωματική εργασία
Αποθηκεύτηκε σε:
| Κύριος συγγραφέας: | |
|---|---|
| Συγγραφή απο Οργανισμό/Αρχή: | |
| Άλλοι συγγραφείς: | |
| Μορφή: | Thesis Βιβλίο |
| Γλώσσα: | Greek |
| Δημοσίευση: |
Χίος :
Πανεπιστήμιο Αιγαίου, Τμήμα Ναυτιλίας και Επιχειρηματικών Υπηρεσίων,
2009
|
| Θέματα: | |
| Διαθέσιμο Online: | http://hdl.handle.net/11610/12886 |
| Ετικέτες: |
Προσθήκη ετικέτας
Δεν υπάρχουν, Καταχωρήστε ετικέτα πρώτοι!
|
MARC
| LEADER | 00000cam a2200000 i 4500 | ||
|---|---|---|---|
| 001 | 1/9074 | ||
| 008 | 100708s2009 gre d | ||
| 035 | |l 10108498 | ||
| 040 | |a GR-MY-UA |b gre |e aacr | ||
| 041 | 0 | |a gre | |
| 082 | 0 | |a 387.149582 |2 (22) | |
| 100 | 1 | |a Μανδάλας, Νικόλαος. | |
| 245 | 1 | 0 | |a Περιβαλλοντική διαχείριση μικρών λιμένων περίπτωση λιμένων Χίου : |b ; διπλωματική εργασία / |c Νικόλαος Μανδάλας ; επιβλέπων Νικήτας Νικητάκος |
| 260 | |a Χίος : |b Πανεπιστήμιο Αιγαίου, Τμήμα Ναυτιλίας και Επιχειρηματικών Υπηρεσίων, |c 2009 | ||
| 300 | |a 92 σ.; |c 30 εκ. | ||
| 502 | |a Διατριβή (μεταπτυχιακή) - Πανεπιστήμιο Αιγαίου, Χίος, 2009. | ||
| 504 | |a Βιβλιογραφία: σ. 88-91 | ||
| 650 | 0 | 0 | |a Harbors |x Economic aspects. |
| 650 | 0 | 0 | |a Harbor |z Greece |z Chios Island. |
| 650 | 0 | 0 | |a Dissertations, Academic |z Greece. |
| 700 | 1 | |4 ths |a Νικητάκος, Νικήτας. | |
| 710 | 1 | |a Πανεπιστήμιο Αιγαίου |b Σχολή Επιστημών της Διοίκησης |b Τμήμα Ναυτιλίας και Επιχειρηματικών Υπηρεσιών |b Πρόγραμμα Μεταπτυχιακών Σπουδών "Ναυτιλία, Μεταφορές και Διεθνές Εμπόριο - ΝΑ.Μ.Ε.". | |
| 852 | |a INST |b CHIOS |c DIATR |e 20100708 |h 387.149582 ΜΑΝ |p 005200032508 |q 005200032508 |t MTXE |y 23 | ||
| 852 | |a INST |b CHIOS |c DIATR |e 20100708 |h 387.149582 ΜΑΝ |p 005200032509 |q 005200032509 |t MTXE |y 23 | ||
| 856 | |u http://hdl.handle.net/11610/12886 | ||
| 901 | |a BIBL2-2010-2 | ||
| 909 | |a Χ |b 148544 | ||
| 909 | |a Χ |b 148545 | ||
| 924 | |a ΜΑΝΔΑΛΑΣ |b ΝΙΚΟΛΑΟΣ |y ΧΙΟΣ |z 2009-11 | ||
| 970 | |a ΔΕΣΠΟΙΝΑ |b ΑΤΣΑΛΗ |z 2010/07/08 | ||